Proyecto de Ley reguladora del Régimen Especial de Seguridad Social de los Trabajadores del Mar. (Record no. 123112)

MARC details
000 -LEADER
campo de control de longitud fija 00540nam a2200157 4500
001 - NÚMERO DE CONTROL
campo de control 123112
003 - IDENTIFICADOR DE NÚMERO DE CONTROL
campo de control ES-MaACL
005 - FECHA Y HORA DE LA ÚLTIMA TRANSACCIÓN
campo de control 20230906192120.0
007 - CAMPO FIJO DE DESCRIPCIÓN FÍSICA--INFORMACIÓN GENERAL
campo de control de longitud fija t|
008 - DATOS DE LONGITUD FIJA--INFORMACIÓN GENERAL
campo de control de longitud fija 070214q1969 sp r ||||0| spa d
110 1# - ENTRADA PRINCIPAL--NOMBRE DE ENTIDAD CORPORATIVA
Nombre de entidad corporativa o nombre de jurisdicción como elemento de entrada España.
Unidad subordinada Cortes Españolas.
-- Comisión de Trabajo.
9 (RLIN) 3667
245 10 - MENCIÓN DEL TÍTULO
Título Proyecto de Ley reguladora del Régimen Especial de Seguridad Social de los Trabajadores del Mar.
260 ## - PUBLICACIÓN, DISTRIBUCIÓN, ETC.
Lugar de publicación, distribución, etc. Madrid :
Nombre del editor, distribuidor, etc. Cortes Españolas, Comisión de Trabajo,
Fecha de publicación, distribución, etc. [1969?]
300 ## - DESCRIPCIÓN FÍSICA
Extensión 2 v ;
Dimensiones 30 cm.
852 ## - LOCALIZACIÓN
Ubicación ES-MaACL
Número de control de estantería C-42571-72
Sublocalización o colección R.77635
Holdings
Estatus retirado Estado de pérdida Estado de daño No para préstamo Biblioteca de origen Biblioteca actual Ubicación en estantería Fecha de adquisición Fuente de adquisición Total de préstamos Signatura topográfica completa Código de barras Visto por última vez Precio de reemplazo Tipo de ítem Koha
        Biblioteca del Ateneo de Madrid Biblioteca del Ateneo de Madrid Depósito 2 17/01/2008     C-42571-72 1128283 23/02/2023 23/02/2023 Libro impreso